[Event "GER-chT U16"]
[Site "Greifswald"]
[Date "2003.12.28"]
[Round "4.3"]
[White "Loew, Frederic"]
[Black "Wirths, Clara"]
[Result "1-0"]
[WhiteElo "1456"]
[BlackElo "1508"]
[PlyCount "105"]
[EventDate "2003.12.27"]
[EventType "team-swiss"]
[EventRounds "7"]
[EventCountry "GER"]
[SourceTitle "EXT 2022"]
[Source "ChessBase"]
[SourceDate "2021.10.06"]
[SourceVersion "1"]
[SourceVersionDate "2021.10.06"]
[SourceQuality "1"]
[WhiteTeam "Saarlouis Rochade U16"]
[BlackTeam "Wermelskirchen U16"]
[WhiteTeamCountry "GER"]
[BlackTeamCountry "GER"]

1. d4 f5 2. Nc3 Nf6 3. Nf3 e6 4. e3 Bb4 5. Bd2 0-0 6. Bd3 b6 7. 0-0 Bb7 8. a3 Bxc3 9. Bxc3 Nc6 10. Re1 Ne7 11. b4 Ne4 12. Bxe4 fxe4 13. Ng5 h6 14. Nh3 Nd5 15. Bb2 Qh4 16. c4 Nf6 17. Rf1 Ng4 18. a4 d5 19. Qc2 Rf7 20. Ba3 Bc8 21. Qe2 e5 22. f4 exd4 23. exd4 Bb7 24. c5 bxc5 25. bxc5 Qf6 26. Qxg4 Qxd4+ 27. Kh1 e3 28. Qd1 Qe4 29. Qb1 e2 30. Qxb7 exf1Q+ 31. Rxf1 Re8 32. Qxa7 d4 33. c6 d3 34. Qa5 Qe2 35. Rg1 d2 36. Qd5 Qe3 37. Bb4 Re6 38. Bxd2 Qe4 39. Qxe4 Rxe4 40. Ra1 Rc4 41. a5 Rxc6 42. a6 Rf8 43. a7 Ra8 44. g3 Rc2 45. Be3 c5 46. Ra5 c4 47. Rb5 Kf7 48. Rb8 Rxa7 49. Bxa7 c3 50. Rc8 Kg6 51. Bd4 Rc1+ 52. Ng1 c2 53. Bb2 1-0

[Event "GER-chT U16"]
[Site "Greifswald"]
[Date "2003.12.27"]
[Round "2.3"]
[White "Loew, Frederic"]
[Black "Schneider, Raphael"]
[Result "1/2-1/2"]
[WhiteElo "1456"]
[BlackElo "1628"]
[PlyCount "62"]
[EventDate "2003.12.27"]
[EventType "team-swiss"]
[EventRounds "7"]
[EventCountry "GER"]
[SourceTitle "EXT 2022"]
[Source "ChessBase"]
[SourceDate "2021.10.06"]
[SourceVersion "1"]
[SourceVersionDate "2021.10.06"]
[SourceQuality "1"]
[WhiteTeam "Saarlouis Rochade U16"]
[BlackTeam "Muennerstadt Turm U16"]
[WhiteTeamCountry "GER"]
[BlackTeamCountry "GER"]

1. d4 d5 2. c4 c6 3. e3 Nf6 4. Nc3 e6 5. Nf3 c5 6. Be2 Nc6 7. 0-0 Be7 8. cxd5 Nxd5 9. e4 Nxc3 10. bxc3 cxd4 11. cxd4 0-0 12. e5 Bb4 13. Be3 Ne7 14. Bd3 Nd5 15. Bg5 Be7 16. Bxe7 Qxe7 17. Qe2 Qa3 18. Qe4 f5 19. exf6 Nxf6 20. Qe3 Qd6 21. Ng5 h6 22. Ne4 Qe7 23. Bc4 b6 24. Ng3 Re8 25. Rfe1 Qd6 26. Rac1 Bd7 27. Nf5 Qb8 28. Qb3 Kh8 29. Bxe6 Bxe6 30. Rxe6 Qf4 31. Rxe8+ Rxe8 1/2-1/2